000 01174nam a22003377a 4500
001 BR0501022
003 BR-BrBNA
005 20230928101819.0
007 ta
008 230509b bl.||||| |||| 00| 0 por d
040 _aBR-BrBNA
_bpor
_cBiblioteca Nacional de Agricultura
041 _a(Por)
072 _aE14; E70
_b9705
_b9704
090 _ 9705 BR0501022
100 1 _aBrum, B.L.R.
100 1 _aWedekin, I.
100 1 _aVeiga, J.E. da
110 1 _aMinistério da Agricultura, Pecuária e Abastecimento, Brasília, DF (Brasil)
245 1 _a1. Congresso Brasileiro de Agribusiness; plano estrategico 2002/2010; relatórios técnicos; agenda no comércio mundial e desenvolvimento local; realização ABAG. O agricluster de carnes de aves e suínos no sudoeste de Goiás; O Brasil rural também precisa de ações afirmativas
260 3 _aBrasília, DF (Brasil):
_c2001.
300 _avp.
650 _aAVE DOMÉSTICA
650 _aSUÍNO
650 _aCARNE
650 _aINDÚSTRIA ALIMENTÍCIA
650 _aAGRONEGÓCIO
650 _aMERCADO
650 _aESTATÍSTICA DE PRODUÇÃO
909 _a202309
_bLucia
_c55
_dLucia Elande
942 _cBK
999 _c67717
_d67717